| 000 | 01085nam a22003137a 4500 | ||
|---|---|---|---|
| 003 | CHAP | ||
| 005 | 20220329133850.0 | ||
| 008 | 971013s1977 r 00010 d | ||
| 010 | _a11982 | ||
| 011 | _a12954 | ||
| 035 | _a17024 | ||
| 040 | _cCHAP | ||
| 090 | _aTesis | ||
| 100 | 0 | 0 |
_aCarreño López, Luis Antonio. _919373 |
| 245 | _aComparación entre la técnica de sutura por planos y la técnica de sutura por puntos en 8 laparatomías de bovinos | ||
| 260 |
_aMéxico, D. F. : _bEl autor, _c1977 |
||
| 300 |
_a17 h. _b: apénd. ; ilus. ; gráfs. |
||
| 502 | _aTesis (Médico Veterinario Zootecnista) -- UNAM. Fac. de Medicina Veterinaria y Zootecnia | ||
| 590 |
_aALEPH _b10 _c20130110 _lUCH01 _h1230 |
||
| 590 |
_aBATCH-UPD _b10 _c20130110 _lUCH01 _h2128 |
||
| 590 |
_aBATCH-UPD _b10 _c20130410 _lUCH01 _h1438 |
||
| 590 |
_aBATCH-UPD _b10 _c20130914 _lUCH01 _h0857 |
||
| 590 |
_aCONVERSION _b10 _c20130109 _lUCH01 _h1308 |
||
| 650 | 1 | 4 |
_aCirugía veterinaria. _923436 |
| 650 | 1 | 4 |
_aSuturas. _9110816 |
| 901 | _aBK | ||
| 942 | _cTESIS | ||
| 949 |
_bBC _cTES _d-40533 _eTS1 _i17024 _si |
||
| 999 |
_c11982 _d11982 |
||